Proceedings of the first International Conference on Waste Disposal in the Marine Environment : (Record no. 3279)
[ view plain ]
| 000 -LEADER | |
|---|---|
| fixed length control field | 04014cam a2200469Mi 4500 |
| 006 - FIXED-LENGTH DATA ELEMENTS--ADDITIONAL MATERIAL CHARACTERISTICS--GENERAL INFORMATION | |
| fixed length control field | m o d |
| 007 - PHYSICAL DESCRIPTION FIXED FIELD--GENERAL INFORMATION | |
| fixed length control field | cr cn||||||||| |
| 008 - FIXED-LENGTH DATA ELEMENTS--GENERAL INFORMATION | |
| fixed length control field | 141112t19601960enka ob 001 0 eng d |
| 020 ## - INTERNATIONAL STANDARD BOOK NUMBER | |
| International Standard Book Number | 9781483184562 |
| Qualifying information | (e-book) |
| 020 ## - INTERNATIONAL STANDARD BOOK NUMBER | |
| International Standard Book Number | 1483184560 |
| Qualifying information | (e-book) |
| 040 ## - CATALOGING SOURCE | |
| Original cataloging agency | IMU Kochi Library |
| Language of cataloging | eng |
| 041 0# - LANGUAGE CODE | |
| Language code of text/sound track or separate title | eng |
| 082 04 - DEWEY DECIMAL CLASSIFICATION NUMBER | |
| Classification number | 363 |
| Edition number | 23 |
| 245 00 - TITLE STATEMENT | |
| Title | Proceedings of the first International Conference on Waste Disposal in the Marine Environment : |
| Sub Title | University of California, Berkeley, July 22-25, 1959 / |
| 300 ## - PHYSICAL DESCRIPTION | |
| Extent | 1 online resource (580 pages) : |
| Other physical details | illustrations |
| 504 ## - BIBLIOGRAPHY, ETC. NOTE | |
| Bibliography, etc | Includes bibliographical references at the end of each chapters and index. |
| 505 0# - FORMATTED CONTENTS NOTE | |
| Formatted contents note | Front Cover; Waste Disposal in the Marine Environment; Copyright Page; PREFACE; SPONS ORINGORGANIZATIONS; Table of Contents; CHAPTER 1. INTRODUCTION; CHAPTER 2. WELCOMINGADDRESS; CHAPTER 3. FIXED AND CHANGING VALVES INOCEAN DISPOSAL OFSEWAGE AND WASTES; CHAPTER 4. CHARACTERISTICS AND EXPEDITIOUS DETECTIONOF BACTERIAL INDICES OF POLLUTIONOF MARINE BATHING BEACHES; THE COLIFORM INDEX AND ILLNESS AMONG BATHERS; THE ENTEROCOCCUS GROUP AS AN INDEX OF POLLUTIONOF SALINE BATHING BEACHES; THE COLIFORM GROUP AND E. COLI AS INDICES OF POLLUTIONOF SALINE BATHING BEACHES. |
| 505 8# - FORMATTED CONTENTS NOTE | |
| Formatted contents note | Characteristics of the coliform group of bacteriaobservations on presumptive test media for e.coli; procedures for expeditious determination of e.coliand coliform indices in water; summary and conclusions; references; chapter 5. the risk of infection through bathingin sewage -- polluted water; introduction; outbreaks wrongly ascribed to bathing; some recent investigations; conclusions; references; chapter 6. water pollution in marseilles andits relation with flora and fauna; former studies; physical and chemical factors affecting the port waters; marine flora and fauna of the ports. |
| 505 8# - FORMATTED CONTENTS NOTE | |
| Formatted contents note | Method of studydistribution of foraminifera; summary; list of figures; chapter 11. discharge of wastes into the seain european coastal areas; part i: general considerationson the discharge of wastes into the sea; part il results of the investigation concerningdischarge into the sea; 1. results of the investigation concerning discharge ofsewage into the sea in various european countries; 2. discharge into the sea from the coast of continentalfrance; 3. conclusions; chapter 12. effect of the rhine on netherlands beaches; chapter 13. ocean currents, measurement of currentsand analysis of data. |
| 505 8# - FORMATTED CONTENTS NOTE | |
| Formatted contents note | Introductiongeneral character of ocean currents; determination of coastal and estuarine currents; rotating element current meters; drift type current measuring systems; miscellaneous types of current meters; data recording and analysis; conclusions and recommendations; bibliography; chapter 14. diffusion of sewage effluentin an ocean -- current; introduction; diffusion analysis; application of results; typical procedure for planning an ocean outfall; summary; references; chapter 15. the empirical approach for determiningthe required length of an ocean outfall; summary; acknowledgments. |
| 520 ## - SUMMARY, ETC. | |
| Summary, etc | Proceedings of the First International Conference on Waste Disposal in the Marine Environment. |
| 650 #0 - SUBJECT ADDED ENTRY--TOPICAL TERM | |
| Topical term or geographic name as entry element | Waste disposal in the ocean. |
| 650 #0 - SUBJECT ADDED ENTRY--TOPICAL TERM | |
| Topical term or geographic name as entry element | Water |
| General subdivision | Pollution. |
| 650 #6 - SUBJECT ADDED ENTRY--TOPICAL TERM | |
| Topical term or geographic name as entry element | D�echets |
| General subdivision | �Elimination dans la mer. |
| 650 #7 - SUBJECT ADDED ENTRY--TOPICAL TERM | |
| Topical term or geographic name as entry element | BUSINESS & ECONOMICS |
| General subdivision | Infrastructure. |
| Source of heading or term | bisacsh |
| 650 #7 - SUBJECT ADDED ENTRY--TOPICAL TERM | |
| Topical term or geographic name as entry element | SOCIAL SCIENCE |
| General subdivision | General. |
| Source of heading or term | bisacsh |
| 650 #7 - SUBJECT ADDED ENTRY--TOPICAL TERM | |
| Topical term or geographic name as entry element | Waste disposal in the ocean |
| Source of heading or term | fast |
| 650 #7 - SUBJECT ADDED ENTRY--TOPICAL TERM | |
| Topical term or geographic name as entry element | Water |
| General subdivision | Pollution |
| Source of heading or term | fast |
| 700 1# - ADDED ENTRY--PERSONAL NAME | |
| Personal name | Pearson, E. A., |
| Relator term | |
| 852 ## - LOCATION/CALL NUMBER | |
| Location | IMU Kochi Library |
| 856 40 - ELECTRONIC LOCATION AND ACCESS | |
| Uniform Resource Identifier | <a href="https://www.sciencedirect.com/science/book/9780080095349">https://www.sciencedirect.com/science/book/9780080095349</a> |
| 904 ## - LOCAL DATA ELEMENT D, LDD (RLIN) | |
| CATALOGER | Rudra Ranjan |
| 905 ## - LOCAL DATA ELEMENT E, LDE (RLIN) | |
| VERIFIER | Rudra Ranjan |
| 942 ## - ADDED ENTRY ELEMENTS (KOHA) | |
| Item type | E-Book |
| 264 #1 - | |
| -- | Oxford, England : |
| -- | Pergamon Press, |
| -- | 1960. |
| 264 #4 - | |
| -- | �1960 |
| 338 ## - | |
| -- | online resource |
| 650 #6 - SUBJECT ADDED ENTRY--TOPICAL TERM | |
| -- | (CaQQLa)201-0005871 |
| 650 #7 - SUBJECT ADDED ENTRY--TOPICAL TERM | |
| -- | (OCoLC)fst01170983 |
| 650 #7 - SUBJECT ADDED ENTRY--TOPICAL TERM | |
| -- | (OCoLC)fst01171279 |
No items available.